000
00244nam a2200097Ia 4500
082
_a
EKF TASO
245
0
_a
Zoe at the seaside
100
_a
TASO, Evi de London, 2003
_9
74202
942
_c
BK
008
210817s9999 xx 000 0 und d
999
_c
244194
_d
244193